<?xml version="1.0" encoding="UTF-8"?>
<record
    xmlns:xsi="http://www.w3.org/2001/XMLSchema-instance"
    xsi:schemaLocation="http://www.loc.gov/MARC21/slim http://www.loc.gov/standards/marcxml/schema/MARC21slim.xsd"
    xmlns="http://www.loc.gov/MARC21/slim">

  <leader>01119    a2200193   4500</leader>
  <controlfield tag="001">445942</controlfield>
  <controlfield tag="003">XX-XxUND</controlfield>
  <controlfield tag="008">      s2021    xx |||||||||||| ||||und d</controlfield>
  <datafield tag="020" ind1=" " ind2=" ">
    <subfield code="a">9786079945138</subfield>
  </datafield>
  <datafield tag="035" ind1=" " ind2=" ">
    <subfield code="a">9786079945138</subfield>
  </datafield>
  <datafield tag="100" ind1="1" ind2=" ">
    <subfield code="a">Juan Abelardo Hern&#xE1;ndez Franco</subfield>
    <subfield code="e">author</subfield>
  </datafield>
  <datafield tag="245" ind1="1" ind2=" ">
    <subfield code="a">Curso de filosof&#xED;a del derecho</subfield>
  </datafield>
  <datafield tag="260" ind1=" " ind2=" ">
    <subfield code="a">M&#xE9;xico</subfield>
    <subfield code="b">M&#xE9;xico</subfield>
    <subfield code="c">2021-07-03 21:06:43</subfield>
  </datafield>
  <datafield tag="520" ind1=" " ind2=" ">
    <subfield code="a">La estructura de la obra se apega a la mayor&#xED;a de los planes de estudio de la materia filosof&#xED;a del derecho. Tiene tres secciones que permiten dar seguimiento de manera ordenada y sistem&#xE1;tica a los conocimientos elementales de la asignatura pues abordan los paradigmas filos&#xF3;ficos que sustentaron el ejercicio jurisprudencial y el desarrollo de la ciencia jur&#xED;dica.</subfield>
  </datafield>
  <datafield tag="650" ind1=" " ind2="4">
    <subfield code="a">jurisprudencia,definici&#xF3;n,fines,categor&#xED;as jur&#xED;dicas,filosof&#xED;a del derecho,poder jur&#xED;dico pol&#xED;tico,verdad,filosof&#xED;a,ciencias jur&#xED;dicas,valores,decisi&#xF3;n judicial,ciencia,intencionalidad</subfield>
  </datafield>
  <datafield tag="754" ind1="1" ind2=" ">
    <subfield code="a">category</subfield>
    <subfield code="c">Formativa</subfield>
  </datafield>
  <datafield tag="856" ind1="4" ind2=" ">
    <subfield code="u">https://biblioteca.dikaia.com.mx/reader/curso-de-filosofia-del-derecho-1625365315</subfield>
  </datafield>
  <datafield tag="942" ind1=" " ind2=" ">
    <subfield code="c">RAA</subfield>
  </datafield>
  <datafield tag="952" ind1=" " ind2=" ">
    <subfield code="0">0</subfield>
    <subfield code="1">0</subfield>
    <subfield code="4">0</subfield>
    <subfield code="7">0</subfield>
    <subfield code="8">DIKAIA</subfield>
    <subfield code="9">331775</subfield>
    <subfield code="a">BD-UIN</subfield>
    <subfield code="b">BD-UIN</subfield>
    <subfield code="d">2024-03-08</subfield>
    <subfield code="l">0</subfield>
    <subfield code="p">445942</subfield>
    <subfield code="r">2024-03-08</subfield>
    <subfield code="w">2024-03-08</subfield>
    <subfield code="y">RAA</subfield>
  </datafield>
  <datafield tag="999" ind1=" " ind2=" ">
    <subfield code="c">173869</subfield>
    <subfield code="d">173869</subfield>
  </datafield>
</record>
